120 ritka növényfajtával gyarapodott a füvészkert

Elmentve itt :
Bibliográfiai részletek
Dokumentumtípus: Cikk
Megjelent: 1960-06-18
Sorozat:Délmagyarország
Kulcsszavak:Füvészkert
Online Access:http://univ.bibl.u-szeged.hu/39277
LEADER 00448nab a2200157 i 4500
001 univ39277
005 20171214105115.0
008 171214s1960 hu o 0|| zxx d
040 |a SZTE UnivHistória Repozitórium  |b hun 
041 |a zxx 
245 0 0 |a 120 ritka növényfajtával gyarapodott a füvészkert  |h [elektronikus dokumentum] 
260 |c 1960-06-18 
300 |a 5 
490 0 |a Délmagyarország 
561 |a Egyetemi hirarchívum 
695 |a Füvészkert